000 00472nam a22001817a 4500
999 _c31905
_d31905
003 OSt
005 20250423145326.0
008 250423b ||||| |||| 00| 0 eng d
020 _a9781722353803
_cRs 295.00
040 _cimukc
041 _aeng
082 _a621.8
_bH2957
245 _aHow things work. Volume II /
260 _aNew Delhi :
_bHarperCollins Publishers India,
_c1992.
300 _a591 p. :
_bill. ;
_c20cm
650 0 _916
_aMachinery
942 _2ddc
_cBK